| 000 | 00842nam a2200253 a 4500 | ||
|---|---|---|---|
| 008 | |||
| 020 | _a075173814X (pbk. ) | ||
| 049 | _aMAIN | ||
| 090 | _aHF5657.4 CHA | ||
| 100 | _aChartered Institute of Accountants. | ||
| 245 | 0 | 0 |
_aManagement Accounting-Performance Management _bintermediate paper 8 / _cCIMA. |
| 250 | _a2nd ed. | ||
| 260 |
_aLondon : _bBPP Publishing, _c2002. |
||
| 300 |
_axxiv, 354 p. ; _c30 cm. |
||
| 440 | _aCIMA new syllabus practice and revision kit. | ||
| 650 |
_aChartered Institute of Management Accountants _xSyllabus _vPractice and revision kit. |
||
| 650 | _aPerformance management. | ||
| 650 | _aManagement Accounting. | ||
| 907 |
_a.b10233544 _b08-05-07 _c20-02-07 |
||
| 003 | |||
| 005 | 20230123134405.0 | ||
| 040 | _cNUST | ||
| 942 |
_cBOOKS _kHF5657.4 CHA |
||
| 999 |
_c165089 _d165089 |
||